Diez tesis sobre el trabajo del presente (y el futuro del trabajo) /

El siglo XX puede ser señalado como el siglo del automóvil. Se trataba de un siglo cuya producción económica era cronometrada, con ritmo controlado, producción homogénea. El autor sostiene que la estructura productiva de las sociedades sufrió una transformación trascendental. El resultado está en to...

وصف كامل

محفوظ في:
التفاصيل البيبلوغرافية
المؤلف الرئيسي: Antunes, Ricardo
التنسيق: نص
الموضوعات:
الوسوم: إضافة وسم
لا توجد وسوم, كن أول من يضع وسما على هذه التسجيلة!

MARC

LEADER 00000 a a2200000 04500
001 43748
003
040
100 |a Antunes, Ricardo  
245 |a Diez tesis sobre el trabajo del presente (y el futuro del trabajo) /  |c Ricardo Antunes 
520 |a El siglo XX puede ser señalado como el siglo del automóvil. Se trataba de un siglo cuya producción económica era cronometrada, con ritmo controlado, producción homogénea. El autor sostiene que la estructura productiva de las sociedades sufrió una transformación trascendental. El resultado está en todas partes: desempleo explosivo, precarización estructural del trabajo, rebajas salariales, pérdida de derechos, etc. ¿ Cuáles son los contornos de este nuevo tipo de trabajo asociado a dicha transformación? Esta y otras preguntas dirigen el desarrollo de este escrito.  
590 |a RRH/OCTUBRE2012  
650 |a MERCADO DE TRABAJO  
650 |a PRODUCCION  
650 |a INFORMALIDAD  
650 |a TRABAJO  
650 |a VALOR  
773 |g volumen 1, páginas 29-44  
999 |c 23156  |d 23156